[Event "ROM-ch U18"]
[Site "Calimanesti Caciulata"]
[Date "2019.04.21"]
[Round "8"]
[White "Antone, Eduard Karim"]
[Black "Palii, Alex"]
[Result "0-1"]
[WhiteElo "1337"]
[BlackElo "1790"]
[PlyCount "102"]
[EventDate "2019.04.15"]
[EventType "swiss"]
[EventRounds "9"]
[EventCountry "ROU"]
[SourceTitle "CBM 190 Extra"]
[Source "ChessBase"]
[SourceDate "2019.07.15"]
[SourceVersion "1"]
[SourceVersionDate "2019.07.15"]
[SourceQuality "1"]

1. e4 c5 2. Nf3 e6 3. d4 cxd4 4. Nxd4 a6 5. c4 Nf6 6. Nc3 Qc7 7. a3 b6 8. Be3 Bb7 9. f3 Be7 10. Be2 Nc6 11. Rc1 0-0 12. b4 Ne5 13. Na4 Rfc8 14. 0-0 Qd8 15. Nb3 Rc6 16. Nd4 Rcc8 17. Nb3 b5 18. Nb6 Nxc4 19. Bxc4 bxc4 20. Na5 Bc6 21. Nxc6 Rxc6 22. Nxa8 Qxa8 23. Rf2 d5 24. exd5 Nxd5 25. Bd4 Bg5 26. Rb1 Qb8 27. Qa4 Qc8 28. b5 axb5 29. Qxb5 Bf4 30. Qb7 Qe8 31. Rc2 Rc8 32. Qb2 e5 33. Re1 f6 34. g3 Qg6 35. Bf2 h5 36. Kh1 Qd3 37. Kg2 Be3 38. Rce2 Bxf2 39. Kxf2 c3 40. Qc2 Qd4+ 41. Kg2 Rb8 42. Qe4 Ra8 43. Ra2 Ra7 44. Raa1 Qc5 45. Red1 Ne3+ 46. Kh3 Nxd1 47. Rxd1 Qc8+ 48. Kh4 Rxa3 49. Kxh5 c2 50. Rc1 Qh3+ 51. Qh4 Qf5+ 0-1